Statistics for Crack the Safe - General Knowledge Puzzle #2

Click here to take the quiz!

General Stats

  • This quiz has been taken 1,741 times
  • The average score is 7 of 10

Answers on the Map

Answers color-coded by a green-red scale on the quiz's map according to % correct below.
 

Answer Stats

QuestionCodeAnswer% Correct
What is the Capital of China?FBeijing
100%
What singer released 'Wrecking Ball' in 2013?3Miley Cyrus
91%
What is 174 - 67?N107
89%
What 5-letter magnetic pole lies in the arctic?QNorth Pole
84%
Which popular website restricts users to just 140 characters?8Twitter
78%
In what year was slavery officially abolished in the USA?D1865
68%
In which U.S. State is Apple Inc.'s HQ?2California
67%
Who was the oldest U.S. President while being President?PJoe Biden
59%
--F3NQ8D2PA
19%
Which user on JetPunk has the greatest number of quiz takes?ARelessness
6%

Score Distribution

Percentile by Number Answered

Percent of People with Each Score

Your Score History

You have not taken this quiz